Capitales des pays les moins denses du monde (facile) - Statistiques

Statistiques générales
  • Ce quiz a été pris 65 fois
  • Le résultat moyen est 7 sur 10
Statistiques - réponses
densité par habitants au km² nom du pays capitale de ce pays % Correct
3,3 habitants au km² Canada Ottawa
96%
2,6 habitants au km² Australie Canberra
95%
2,9 habitants au km² Islande Reykjavik
91%
1,8 habitants au km² Mongolie Oulan-Bator
86%
3,3 habitants au km² Libye Tripoli
75%
3,6 habitants au km² Guyana Georgetown
57%
2,5 habitants au km² Namibie Windhoek
57%
3 habitants au km² Mauritanie Nouakchott
55%
2,7 habitants au km² Suriname Paramaribo
55%
2,7 habitants au km² Bostwana Gaborone
52%
Aucun quiz correspondant
Distribution des résultats
% des personnes avec chaque résultat
Percentile par nombre de réponses
Votre historique - résultats
Vous n’avez pas pris ce quiz